| 000 | 00752cam a2200265 a 4500 | ||
|---|---|---|---|
| 001 | 17364971 | ||
| 005 | 20180220032437.0 | ||
| 008 | 120626s2014 maua b 001 0 eng | ||
| 010 | _a 2012026110 | ||
| 020 | _a9780132843218 | ||
| 020 | _a0132843218 | ||
| 035 | _a(DNLM)101587018 | ||
| 040 |
_aDNLM/DLC _cDLC _dDLC |
||
| 041 | _aeng | ||
| 042 | _apcc | ||
| 060 | 1 | 0 | _aWY 157.3 |
| 080 | _a618.20231 LAD | ||
| 082 | 0 | 0 |
_a618.20231 LAD _223 |
| 100 | 1 | _a3 | |
| 101 | _aANA | ||
| 245 | 1 | 0 |
_aContemporary maternal-newborn nursing care / _cPatricia A. Wieland Ladewig, Marcia L. London, Michele R. Davidson. |
| 504 | _aIncludes bibliographical references and index. | ||
| 906 |
_a7 _bcbc _corignew _d1 _eecip _f20 _gy-gencatlg |
||
| 942 |
_2ddc _cBK |
||
| 999 |
_c42864 _d42864 |
||